Catálogo

ANTROPOLOGIA FILOSOFICA : (Registro nro. 50781)

Detalles MARC
000 -LEADER
fixed length control field 00848nam a2200205 a 4500
001 - CONTROL NUMBER
control field 50781
005 - DATE AND TIME OF LATEST TRANSACTION
control field 20180714035956.0
008 - FIXED-LENGTH DATA ELEMENTS--GENERAL INFORMATION
fixed length control field 140415s2006 sp 000 0 spa d
020 ## - INTERNATIONAL STANDARD BOOK NUMBER
International Standard Book Number 8431324228
041 ## - LANGUAGE CODE
Language code of text/sound track or separate title spa
082 ## - DEWEY DECIMAL CLASSIFICATION NUMBER
Classification number 128
Item number GAR
100 1# - MAIN ENTRY--PERSONAL NAME
Personal name GARCIA CUADRADO, JOSE ANGEL
245 10 - TITLE STATEMENT
Title ANTROPOLOGIA FILOSOFICA :
Remainder of title UNA INTRODUCCION A LA FILOSOFIA DEL HOMBRE
250 ## - EDITION STATEMENT
Edition statement 3a ed.
260 ## - PUBLICATION, DISTRIBUTION, ETC.
Place of publication, distribution, etc. ESPAÑA :
Name of publisher, distributor, etc. EUNSA,
Date of publication, distribution, etc. 2006
300 ## - PHYSICAL DESCRIPTION
Extent 352
Dimensions 17 x 1.3 x 24
490 ## - SERIES STATEMENT
Series statement INICIACIÓN FILOSÓFICA
520 ## - SUMMARY, ETC.
Summary, etc. ES UNA INTRODUCCION A LA FILOSOFÍA DEL HOMBRE, RESPONDE A LA NECESIDAD DE ARTICULAR D EMANERA COHERENTE UNA CONCEPCIÓN UNITARIA D ELAPERSONAS HUMANA. PARA ELLO SE HA PROCURADO INTEGRAR EL PENSAMIENTO CLÁSICO CON LASAPORTACIONES DE LASCONCEPCIONES CONTEMPORANEAS DELHOMBRE.
650 14 - SUBJECT ADDED ENTRY--TOPICAL TERM
Topical term or geographic name entry element ANTROPOLOGIA FILOSOFICA
Existencias
Withdrawn status Lost status Source of classification or shelving scheme Damaged status Not for loan Collection code Home library Current library Shelving location Date acquired Source of acquisition Inventory number Total Checkouts Total Renewals Full call number Barcode Date last seen Date last checked out Price effective from Koha item type
    Dewey Decimal Classification     General Biblioteca Karol Wojtyla Biblioteca Karol Wojtyla Sala general 03/12/2013 Compra 151000000000000000060763 5 1 128 GAR 75819 05/01/2026 10/09/2025 03/12/2013 Libro